000 00867nab a2200253 u 4500
001 09918
003 HDC
007 cr bn ---aaaaa
008 210203c20100122my dr|nes 0 a may d
040 _aHDC
100 _aAhmad Zaini Kamaruzzaman,
_eauthor
_910155
245 0 _aUsaha sama hasil produk perubatan kepelbagaian bio /
_cby Ahmad Zaini Kamaruzzaman
260 _aKuala Lumpur :
_bNew Straits Times Press (M) Bhd.,
_c2010
336 _atext
_2rdacontent
337 _acomputer
_2rdamedia
338 _aonline resource
_2rdacarrier
650 _aMedical
_91646
650 _aMedicine
_97031
710 _aBerita Harian
856 _zRequest full-text at [email protected]
942 _2lcc
942 _cNEWS
942 _kNWSC 001047
999 _c7241
_d7241